000 00467nam a2200193Ia 4500
008 240510s9999 xx 000 0 und d
020 _a0000408013907
041 _aEng
082 _a005.131
082 _bM17
100 _aMASON, J.C.
245 0 _aBASIC matrix method:including applications in approximation and data fittng
260 _bLondon : Butterworths
260 _c1984
300 _a160 p.
650 _aBASIC
942 _2ddc
942 _cLBK
999 _c25299
_d25299
945 _a1
_bMadushi Gamage
_c1
_dMadushi Gamage